000 00980nam a2200253 a 4500
001 39817
003 BD-RjUL
005 20211209053050.0
008 160418s1981 bg a|||| |||| 00| 0 ben d
020 _c: TK. 60.00
035 _a(BD-RjUL)39930
040 _aBD-RjUL
_bben
_cBD-RjUL
041 _aben
082 _223
_a530.028
_bCHB 1981
100 _aচৌধুরী, ছদরুদ্দিন আহমদ
_9122645
245 1 0 _aব্যবহারিক পদার্থ-বিজ্ঞান /
_cছদরুদ্দিন আহমদ চৌধুরী
260 _aঢাকা :
_bবাংলা একাডেমী,
_c১৯৮১
300 _a[১১], ৫৭১ পৃ. :
_bচিএ ;
_c২১ সেমি.
490 _aবা/এ ;
_v১১৫৮
650 _aPhysics
_xExperimental
_9122646
650 _aপদার্থবিজ্ঞান
_xপরীক্ষা
_9122647
830 _aবা/এ ;
_v১১৫৮
_9234067
942 _2ddc
_cBK
999 _c39817
_d39817